000 00213nam a22000857a 4500
008 160718b xxu||||| |||| 00| 0 eng d
100 _93039
_aCarroll L
245 _aAlice in Wonderland
260 _aNew York
_bBaronet Book
999 _c2602
_d2602